El cerebro trascendente (Record no. 4775)

MARC details
000 -CABECERA
campo de control de longitud fija 03922nam a2200289 i 4500
001 - NÚMERO DE CONTROL
campo de control Rebiun36141774
007 - CAMPO FIJO DE DESCRIPCIÓN FÍSICA--INFORMACIÓN GENERAL
campo de control de longitud fija ta
008 - DATOS DE LONGITUD FIJA--INFORMACIÓN GENERAL
campo de control de longitud fija 241015s2024 sp a r 001 0 spa d
017 ## - NÚMERO DE COPYRIGHT O DE DEPÓSITO LEGAL
Número de copyright o de depósito legal M 18623 -2024,
Agencia que asigna Oficina Depósito Legal Madrid
020 ## - NÚMERO INTERNACIONAL ESTÁNDAR DEL LIBRO
Número Internacional Estándar del Libro 9788419878786
040 ## - FUENTE DE LA CATALOGACIÓN
Centro catalogador/agencia de origen UGR
Normas de descripción rda
Centro/agencia transcriptor tbs
041 1# - CÓDIGO DE LENGUA
Código de lengua del texto/banda sonora o título independiente Spanish
Código de lengua original eng
100 ## - ENTRADA PRINCIPAL--NOMBRE DE PERSONA
Nombre de persona Lightman, Alan
Fechas asociadas al nombre 1948-
Término indicativo de función/relación author.
240 14 - TÍTULO UNIFORME
Título uniforme The transcendent brain: spirituality in the age of science.
Lenguaje de la obra Spanish
245 13 - MENCIÓN DE TÍTULO
Título El cerebro trascendente
Resto del título : espiritualidad en la era de la ciencia
Mención de responsabilidad, etc. / Alan Lightman ; traducción Equipo Pinolia
250 ## - MENCIÓN DE EDICIÓN
Mención de edición First edtion
264 #1 - PRODUCCIÓN, PUBLICACIÓN, DISTRIBUCIÓN, FABRICACIÓN Y COPYRIGHT
Producción, publicación, distribución, fabricación y copyright Madrid :
Nombre del de productor, editor, distribuidor, fabricante Pinolia,
Fecha de producción, publicación, distribución, fabricación o copyright 2024
264 #4 - PRODUCCIÓN, PUBLICACIÓN, DISTRIBUCIÓN, FABRICACIÓN Y COPYRIGHT
Fecha de producción, publicación, distribución, fabricación o copyright 2024
300 ## - DESCRIPCIÓN FÍSICA
Extensión 205 pages:
Otras características físicas ilustrations
Dimensiones 23 cm
490 ## - MENCIÓN DE SERIE
Mención de serie Divulgación científica
520 3# - SUMARIO, ETC.
Sumario, etc. Contemplar las estrellas, enamorarse o escuchar música nos hace sentir una conexión trascendente con algo más grande que nosotros mismos. Sin embargo, estas experiencias no son fácilmente comprendidas por la ciencia, que sostiene que todo puede explicarse en términos de átomos y moléculas. ¿Hay espacio en nuestra visión científica del mundo para estas experiencias espirituales? El reconocido físico y novelista Alan Lightman cree que sí. Basándose en la historia intelectual y en conversaciones con científicos, filósofos y psicólogos contemporáneos, Lightman plantea preguntas provocadoras que iluminan nuestra extraña posición entre el mundo de las partículas y fuerzas y el mundo de la experiencia humana. ¿Puede el materialismo estricto explicar nuestra apreciación de la belleza? ¿O nuestros sentimientos de conexión con la naturaleza y otras personas? ¿Existe una base física para la conciencia, el más escurridizo de todos los problemas científicos? Lightman entrelaza estas investigaciones para proponer lo que denomina «materialismo espiritual»: la creencia de que podemos abrazar las experiencias espirituales sin abandonar nuestra visión científica del mundo. Según él, la amplitud de la condición humana no solo está arraigada en átomos y moléculas materiales, sino que también puede explicarse en términos de evolución darwiniana. Este libro lírico e iluminador revela que la espiritualidad no solo puede ser compatible con la ciencia, sino que también debería permanecer en el núcleo de lo que significa ser humanos.
520 3# - SUMARIO, ETC.
Sumario, etc. Stargazing, falling in love, or listening to music can make us feel a transcendent connection to something greater than ourselves. Yet these experiences are not easily grasped by science, which maintains that everything can be explained in terms of atoms and molecules. Is there room in our scientific worldview for such spiritual experiences? Renowned physicist and novelist Alan Lightman believes there is. Drawing on intellectual history and conversations with contemporary scientists, philosophers, and psychologists, Lightman poses provocative questions that illuminate our curious position between the world of particles and forces and the world of human experience.<br/><br/>Can strict materialism account for our appreciation of beauty? Or for our feelings of connection with nature and with other people? Is there a physical basis for consciousness—the most elusive of all scientific problems? Lightman weaves together these explorations to propose what he calls “spiritual materialism”: the belief that we can embrace spiritual experiences without abandoning our scientific understanding of the world. According to him, the full scope of the human condition is not only rooted in atoms and molecules but can also be explained through Darwinian evolution. This lyrical and enlightening book reveals that spirituality is not only compatible with science—it ought to remain at the heart of what it means to be human.
650 #0 - PUNTO DE ACCESO ADICIONAL DE MATERIA--TÉRMINO DE MATERIA
Término de materia o nombre geográfico como elemento de entrada Brain
9 (RLIN) 9635
650 #0 - PUNTO DE ACCESO ADICIONAL DE MATERIA--TÉRMINO DE MATERIA
Término de materia o nombre geográfico como elemento de entrada Spirituality
9 (RLIN) 12525
700 ## - ENTRADA AGREGADA--NOMBRE PERSONAL
Nombre de persona Equipo Pinolia,
Término indicativo de función/relación translator
9 (RLIN) 25530
942 ## - ELEMENTOS DE ENTRADA AGREGADA (KOHA)
Fuente del sistema de clasificación o colocación Clasificación de Library of Congress
Holdings
Estado de retiro Estado de pérdida Fuente del sistema de clasificación o colocación Estado dañado No para préstamo Biblioteca de origen Biblioteca actual Fecha de adquisición Total de préstamos Signatura topográfica completa Código de barras Fecha visto por última vez Número de copia Precio válido a partir de Tipo de ítem Koha
    Clasificación de Library of Congress     TBS Barcelona TBS Barcelona 19/06/2025   BF161 LIG B05824 19/06/2025 1 19/06/2025 Book

Powered by Koha